000 00499cam a2200193 4500
001 D6387
008 090401t1983 xxu||||| |||| 00| 0 eng d
035 _a(Sirsi) u543
041 _aeng
050 _a693.21
100 _aKnight, T.L.
245 _aWhat`s new in brickwork
260 _aAscot, Berks
_bThe Chartered Institute of Building
_c1983
300 _a8p. ill. 30cm
350 _a0
490 _aTechnical Information Service
_pSite Management
_v18
942 _n0
948 _c04/03/1997
999 _c85571
_d85571